Škatuľky poznania kozmický výskum sa už nepreferuje tak, ako pred niekoľkými desiatkami rokov

Bibliographic Details
Main Author: Kampf, Vladimír, 1966- (Author)
Format: Article
Language:Slovak
PhysicalDescription:Fotogr.
Subjects:

MARC

LEADER 00000nab a2200000 a 4500
001 vtls000675366
003 SK-MaSNL
005 20260304032143.0
008 180206c1998 xo 0 slo
015 |a SNBRB1998/11-24217 
035 |a CLN000027540 
040 |a SNKBUCL  |b slo  |c SNKBUCL  |e AACR2 
041 0 |a slo 
044 |a xo  |c SK 
080 |a 061.12(437.6)SAV:52  |2 UDC-MRF-SK2 
100 1 |a Kampf, Vladimír,  |d 1966-  |4 aut  |9 98313 
245 1 0 |a Škatuľky poznania  |b kozmický výskum sa už nepreferuje tak, ako pred niekoľkými desiatkami rokov  |c Vladimír Kampf 
300 |b Fotogr. 
610 2 7 |a Slovenská akadémia vied.  |b Ústav experimentálnej fyziky  |2 snkbucl  |9 62585 
650 0 7 |a kozmická fyzika  |2 snkbucl  |9 106898 
651 7 |a Košice (Slovensko)  |2 snkbucl  |9 18694 
655 7 |a články z novín a časopisov  |2 snkbucl  |9 267496 
773 0 |t Slovenská republika víkend  |g Roč. 5, č. 45/257 (1998), s. 7 
850 |a Slovenská národná knižnica v Martine 
852 |a SNK  |b KIS3GCP 
958 |a RBX 
999 |c 2641560  |d 2643490